<?xml version="1.0" encoding="UTF-8"?>
<record
    xmlns:xsi="http://www.w3.org/2001/XMLSchema-instance"
    xsi:schemaLocation="http://www.loc.gov/MARC21/slim http://www.loc.gov/standards/marcxml/schema/MARC21slim.xsd"
    xmlns="http://www.loc.gov/MARC21/slim">

  <leader>01021    a2200157   4500</leader>
  <controlfield tag="003">OSt</controlfield>
  <controlfield tag="005">20260204161020.0</controlfield>
  <controlfield tag="008">260204b        |||||||| |||| 00| 0 eng d</controlfield>
  <datafield tag="100" ind1=" " ind2=" ">
    <subfield code="a">&#x916;&#x930;&#x94D;&#x921;&#x947;&#x915;&#x930; &#x92A;&#x94D;&#x930; .</subfield>
    <subfield code="9">216611</subfield>
  </datafield>
  <datafield tag="245" ind1=" " ind2=" ">
    <subfield code="a">&#x928;&#x93E;&#x928;&#x93E;&#x91C;&#x940;  &#x926;&#x947;&#x936;&#x92E;&#x941;&#x916; </subfield>
  </datafield>
  <datafield tag="250" ind1=" " ind2=" ">
    <subfield code="a">2nd ED.</subfield>
  </datafield>
  <datafield tag="260" ind1=" " ind2=" ">
    <subfield code="b">&#x92D;&#x93E;&#x930;&#x924;&#x940;&#x92F;  &#x935;&#x93F;&#x91A;&#x93E;&#x930;  &#x938;&#x93E;&#x927;&#x928;&#x93E;  &#x92A;&#x94D;&#x930;&#x915;&#x93E;&#x936;&#x928; </subfield>
    <subfield code="c">2019</subfield>
    <subfield code="a">&#x92A;&#x941;&#x923;&#x947; </subfield>
  </datafield>
  <datafield tag="300" ind1=" " ind2=" ">
    <subfield code="a">136pp.</subfield>
  </datafield>
  <datafield tag="520" ind1=" " ind2=" ">
    <subfield code="a"> Mar 2025 &#x2014; 11 &#x911;&#x915;&#x94D;&#x91F;&#x94B;&#x92C;&#x930; 1916 &#x930;&#x94B;&#x91C;&#x940; &#x928;&#x93E;&#x928;&#x93E;&#x91C;&#x940;&#x902;&#x91A;&#x93E; &#x91C;&#x928;&#x94D;&#x92E; &#x92E;&#x939;&#x93E;&#x930;&#x93E;&#x937;&#x94D;&#x91F;&#x94D;&#x930;&#x93E;&#x924;&#x940;&#x932; &#x939;&#x93F;&#x902;&#x917;&#x94B;&#x932;&#x940; &#x91C;&#x93F;&#x932;&#x94D;&#x939;&#x94D;&#x92F;&#x93E;&#x924;&#x940;&#x932; &#x915;&#x921;&#x94B;&#x932;&#x940; &#x92F;&#x93E; &#x91B;&#x94B;&#x91F;&#x94D;&#x92F;&#x93E;&#x936;&#x93E; &#x917;&#x93E;&#x935;&#x93E;&#x924; &#x91D;&#x93E;&#x932;&#x93E;. &#x924;&#x947; &#x92E;&#x930;&#x93E;&#x920;&#x940; &#x92C;&#x94B;&#x932;&#x923;&#x93E;&#x931;&#x94D;&#x92F;&#x93E; &#x926;&#x947;&#x936;&#x938;&#x94D;&#x925; &#x90B;&#x917;&#x94D;&#x935;&#x947;&#x926;&#x940; &#x92C;&#x94D;&#x930;&#x93E;&#x939;&#x94D;&#x92E;&#x923; &#x918;&#x930;&#x93E;&#x924;&#x940;&#x932; &#x939;&#x94B;&#x924;&#x947;. &#x906;&#x930;&#x94D;&#x925;&#x93F;&#x915; &#x905;&#x921;&#x925;&#x933;&#x947; &#x926;&#x942;&#x930; &#x915;&#x930;&#x923;&#x94D;&#x92F;&#x93E;&#x91A;&#x94D;&#x92F;&#x93E; &#x924;&#x94D;&#x92F;&#x93E;&#x902;&#x91A;&#x94D;&#x92F;&#x93E; &#x907;&#x91A;&#x94D;&#x91B;&#x947;&#x91A;&#x947;</subfield>
  </datafield>
  <datafield tag="942" ind1=" " ind2=" ">
    <subfield code="c">BK</subfield>
    <subfield code="2">ddc</subfield>
  </datafield>
  <datafield tag="999" ind1=" " ind2=" ">
    <subfield code="c">370195</subfield>
    <subfield code="d">370195</subfield>
  </datafield>
  <datafield tag="952" ind1=" " ind2=" ">
    <subfield code="0">0</subfield>
    <subfield code="1">0</subfield>
    <subfield code="2">ddc</subfield>
    <subfield code="4">0</subfield>
    <subfield code="7">0</subfield>
    <subfield code="8">MCA</subfield>
    <subfield code="a">001</subfield>
    <subfield code="b">001</subfield>
    <subfield code="d">2026-02-03</subfield>
    <subfield code="e">188</subfield>
    <subfield code="g">70.00</subfield>
    <subfield code="l">0</subfield>
    <subfield code="p">KBJP-BK-3009</subfield>
    <subfield code="r">2026-02-03 00:00:00</subfield>
    <subfield code="v">100.00</subfield>
    <subfield code="w">2026-02-03</subfield>
    <subfield code="y">BK</subfield>
    <subfield code="z">3009</subfield>
  </datafield>
</record>
